000
00459nam a2200145Ia 4500
008
100122s9999 xx 000 0 und d
082
_b
32872
_a
823
100
_a
प्रफुल्लदत्त
245
_a
मुक्ता आणि मीना
260
_b
अभय प्रकाशन
_c
1971
300
_a
112
630
_a
मुक्ता आणि मीना
730
_a
मुक्ता आणि मीना
942
_c
BOOK
999
_c
417192
_d
417189